Handbook of formative assesment
Guardat en:
| Autors principals: | , |
|---|---|
| Format: | Llibre |
| Idioma: | anglès |
| Publicat: |
Londres
Routledge
2010
|
| Edició: | 1a. ed |
| Matèries: | |
| Etiquetes: |
Afegir etiqueta
Sense etiquetes, Sigues el primer a etiquetar aquest registre!
|
MARC
| LEADER | 00000cam a2200000 a 4500 | ||
|---|---|---|---|
| 001 | UCD4506 | ||
| 003 | CL-VaPUC | ||
| 008 | 160713e20100000uk |||||||||||||||||eng|d | ||
| 020 | |a 9780415993197 | ||
| 082 | 0 | 4 | |a 371.26 |b AND |2 21 |
| 100 | 0 | |a Andrade, Heidi L |e author |9 588217 | |
| 700 | 0 | |a Cizek, Gregory J |e author |9 588218 | |
| 245 | 1 | 0 | |a Handbook of formative assesment |
| 250 | |a 1a. ed | ||
| 300 | |a 377 p | ||
| 942 | |c BK | ||
| 945 | |d 20160713 20:53:00 |a dcastane | ||
| 260 | |a Londres |b Routledge |c 2010 | ||
| 650 | 0 | |a Evaluación de la educación |9 237505 | |
| 583 | |a last modification |c 20160805 03:35:50 |k Rodrigo Vera | ||
| 999 | |c 365400 |d 365398 | ||
| 952 | |0 0 |1 0 |3 erb |4 0 |6 371_260000000000000_AND_2010 |7 0 |8 A |9 479255 |a FDOPOS |b FDOPOS |i 5296730 |o 371.26 AND 2010 |p 5296730 |r 2025-01-22 |w 2019-11-24 |y BK |z Catalogado en:20160713 |k MED | ||